Keselamatan diri

Bibliographic Details
Main Author: Muhamad Ismail Ahmad
Format: Book
Published: Selangor : Flo Enterprise , 2004
Series:Siri Pendidikan jasmani dan kesihatan
Subjects:

MARC

LEADER 00000cam a2200000 7i4500
001 0000007102
005 20151222.0
008 070828
020 |a 9679714659 
020 |a 9679714683 (set) 
090 0 0 |a JF   |b HEA MAL (6950) 
100 0 |a Muhamad Ismail Ahmad 
245 1 0 |a Keselamatan diri   |c Muhamad Ismail Ahmad 
260 |a Selangor :   |b Flo Enterprise ,   |c 2004 
440 |a Siri Pendidikan jasmani dan kesihatan 
500 |a Children ages 7-9 years old (orange) 
650 0 |a Health   |x Education 
999 |a 0000920970   |b Book   |c Children Collection   |e Cawangan Bukit Gambir 
999 |a 0000920971   |b Book   |c Children Collection   |e Cawangan Bukit Gambir 
999 |a 0000920972   |b Book   |c Children Collection   |e Cawangan Bukit Gambir 
999 |a 0000931002   |b Book   |c Children Collection   |e Cawangan Tangkak 
999 |a 0000931003   |b Book   |c Children Collection   |e Cawangan Tangkak 
999 |a 0000931004   |b Book   |c Children Collection   |e Cawangan Tangkak 
999 |a 0000988610   |b Book   |c Children Collection   |e Perbadanan Perpustakaan Awam Johor 
999 |a 0000988612   |b Book   |c Children Collection   |e Perbadanan Perpustakaan Awam Johor 
999 |a 0000988613   |b Book   |c Children Collection   |e Cawangan Sri Merlong 
999 |a 0000988614   |b Book   |c Children Collection   |e Cawangan Pontian 
999 |a 000860127   |b Book   |c Adult Collection   |e Cawangan Muar